| 000 | 00933cab a2200289 4500 | ||
|---|---|---|---|
| 001 | ABS59407 | ||
| 008 | 090401t1998 xxu||||| |||| 00| 0 eng d | ||
| 035 | _a(Sirsi) u89414 | ||
| 041 | _aeng | ||
| 100 | _aCook, A. | ||
| 245 | 4 | _aThe benchmark | |
| 260 | _c1998 | ||
| 350 | _a0 | ||
| 490 |
_aBuilding _v263(8061) 23 October 1998, 48-53(6) |
||
| 520 | _aThree experts assess the lessons to be learnt for best practice in construction methods and innovation, from a recently developed City of London headquarters bulding, including cost savings and improved productivity. | ||
| 650 | _aBENCHMARKING | ||
| 650 | _aBEST PRACTICE | ||
| 650 | _aBUILT ENVIRONMENT-BUILDING COSTS | ||
| 650 | _aCONSTRUCTION WASTE | ||
| 650 | _aGARRARD HOUSE | ||
| 650 | _aHEADQUARTERS BUILDINGS | ||
| 650 | _aINNOVATION | ||
| 650 | _aPRODUCTIVITY | ||
| 690 | _aBUILDING AND CONSTRUCTION-PROJECTS | ||
| 942 | _n0 | ||
| 948 | _c03/11/1998 | ||
| 999 |
_c56559 _d56559 |
||